| 000 | 01321nam a22002657a 4500 | ||
|---|---|---|---|
| 001 | 6604 | ||
| 003 | FISKH | ||
| 005 | 20250513104057.0 | ||
| 008 | 250513b cb ||||| |||| 00| 0 eng d | ||
| 020 | _a9780192756824 | ||
| 040 |
_aFISKH _beng _cFISKH _dFISKH |
||
| 050 | _aPE1629.O94 | ||
| 082 | _a423.1 | ||
| 100 | _aKirtley, Clare | ||
| 245 |
_aOxford very first dictionary : _bIdeal for early reading / _cCompiled by Clare Kirtley ; Illustrated by Georgie Birkett |
||
| 260 |
_aNew York : _bOxford, _c2012 |
||
| 300 |
_a63 pages : _bcolor illustrations ; _c24 cm |
||
| 505 | _aG | ||
| 520 | _aThe Oxford Very First Dictionary is illustrated in colour and aimed at readers aged 4+.* Over 300 headwords simply and clearly explained with full sentences* All headwords accompanied by a colour picture* Alphabet border on every page* Useful introduction and key on how to get the best out of the dictionary* Illustrated section at the back containing Words we write a lot, Verbs, Colours, Shapes, Days of the Week, Months of the Year, Numbers to Twenty and the Alphabet* Fulfils the NLS Requirements for Reception, YR1, YR2 and Scottish Guidelines P1-3 | ||
| 521 | 8 |
_a370
_bLexile estimate |
|
| 521 | 8 |
_aG
_bRaz-Plus |
|
| 650 |
_aVocabulary _vDictionary _xWords |
||
| 942 |
_2ddc _cBK _n0 |
||
| 999 |
_c6604 _d6604 |
||